| 000 | nam a22 7a 4500 | ||
|---|---|---|---|
| 999 |
_c128355 _d128355 |
||
| 008 | 181009b xxu||||| |||| 00| 0 eng d | ||
| 050 |
_aBX3706.2 _b.O44 |
||
| 100 |
_aO'Malley, John W. _942843 |
||
| 245 |
_aDie ersten jesuiten _cJohn W. O'Malley |
||
| 260 |
_aGermany _bEchter Verlag _c1995 |
||
| 300 |
_a503p. ; _c23cm. |
||
| 650 |
_aJesuits _xHistory _96572 |
||
| 700 |
_aDeutsch von Klaus Mertes (tr.) _942844 |
||
| 942 |
_2lcc _cMONOGRAPH |
||